[Event "Winnipeg op"]
[Site "Winnipeg CAN"]
[Date "2025.01.05"]
[Round "5.1"]
[White "Wiebe, Isaac"]
[Black "Anderson, Colin"]
[Result "0-1"]
[Annotator "John Upper"]
[WhiteElo "2223"]
[BlackElo "2253"]
[WhiteFideId "-1"]
[BlackFideId "-1"]
[PlyCount "70"]
[Beauty "7973875230748"]
[GameId "2142984842367241"]
[EventDate "2025.01.03"]
[EventType "swiss"]
[EventRounds "5"]
[EventCountry "CAN"]
[SourceTitle "Chess Canada 25"]
[Source "JohnUpper?CFC"]
[SourceDate "2025.06.29"]
[SourceVersion "1"]
[SourceVersionDate "2026.07.01"]
[SourceQuality "1"]

{The 2025 Winnipeg Open ended in a 4-way tie at the top between Mark Klusa, Isaac Wiebe, Collin Anderson, and Gabriel Hamm. Here is the final round game from board 1, which is a good enough reason to look at it, but I actually chose it for two other reasons:  1) in a position which could arise from several different openings, White plays a very sharp and tricky attempt to refute Black's play, and IMO it would be impossible for anyone to find their way through this OTB,  2) the ending has some crazy tactics and mating patterns I have never seen.} 1. Nf3 Nf6 2. c4 c5 3. Nc3 Nc6 4. d4 cxd4 5. Nxd4 e6 6. a3 Bc5 {[#]} 7. Ndb5 $6 {Not objectively good, but very tricky; and since almost all top-level games continue b3 this is almost unknown, so it might be a good surprise weapon.} ({The most common continuation is} 7. Nb3 Be7 8. e4 O-O {with a sort of Hedgehog, where Black has held up well enough.}) ({Instead, after} 7. Nb3 {Black can keep the  more active with} Bb6 $5 8. Bf4 (8. e4 d5 $1 $146 {A Novelty Caruana used in a "must draw" World Cup game vs Anton Kovalyov:} 9. exd5 exd5 10. c5 (10. cxd5 Ng4 $1 $13 {is the point, since} 11. dxc6 $2 Bxf2+ 12. Ke2 Qe7+ 13. Kf3 O-O $1 $17) 10... Bc7 11. Be2 O-O 12. Be3 Be5 $11 {1/2 Kovalyov,A (2608)-Caruana,F (2796) FIDE World Cup Baku 2015 (3.2)}) 8... d5 9. c5 Bc7 10. Bxc7 Qxc7 11. Nb5 Qe5 12. Nd6+ Ke7 {maybe hard to believe, but the octopus on d6 only gives White equality.} 13. Qc1 $1 $11 Rd8 (13... Ne4 $13 {Cummings, in a 2016 chesspublishing.com Flank Openings survey.}) 14. f4 Qh5 15. e3 Ne4 16. Nxe4 dxe4 17. Be2 Qh4+ 18. g3 Qh3 19. Bf1 Qh5 20. Be2 Qh3 21. Bf1 Qh5 22. Be2 Qh3 {1/2 Erigaisi,A (2775)-Niemann,H (2725) Tata Steel-A 88th Wijk aan Zee 2026 (9)}) 7... O-O ({The only analysis of this I could find is in "The Benko Revisited" (Thinkers, 2022) by Alexy Kovalchuk. The fact that it comes in a book on the Benko (declined) shows how transpositional these positions are, which is another reason to expect opponents to be unfamiliar with them. Kovalchuk's analysis is close to perfect, and goes like this:} 7... d5 $1 8. cxd5 (8. Bf4 O-O 9. cxd5 exd5 10. Nc7 d4 11. Na4 Bd6 12. Bxd6 $8 Qxd6 13. Nxa8 Bf5 $15 {Kovalchuk, a line SF18 does not improve upon.}) 8... exd5 {Opening Analysis [#] The key point being that the seemingly clever tactic} 9. Nxd5 $2 {, hoping for 9...xd5? 10.xd5, leads to disaster after} (9. Bf4 $142 O-O 10. Nc7 Bf5 $17 {transposing into the line above, with a nearly winning bind and initiative for the exchange, according to SF18 and leela.}) 9... O-O 10. Nxf6+ Qxf6 11. e3 Qg6 ({SF18} 11... Rd8 $1 12. Qf3 Nb4 $3 $19 {would be a fun mirror image counterattack to win.}) 12. Qd5 Bb4+ $8 $19 (12... Bb6 13. Bd3 $1 Be6 14. Bxg6 $8 Bxd5 15. Bc2 Bxg2 16. Rg1 Bd5 $15 {1/2 Arcuti,D (2280)-Rambaldi,F (2547) Wch U16 Porto Carras 2015 (9)}) 13. Nc3 (13. axb4 Nxb4 14. Qc4 Nc2+ $19 {AK}) 13... Rd8 14. Qa2 Be6 15. Qb1 Bf5 16. Qa2 Bxc3+ 17. bxc3 Ne5 18. f4 Nd3+ $19 {Kovalchuk} (18... Bc2 $3 {SF18.})) 8. b4 (8. Nd6 Qe7 $15 {Analysis Diagram [#]} 9. Nxc8 $2 (9. Bf4 $142 e5 (9... Nh5 $5 10. Nce4 $13) 10. Nxc8 Raxc8 11. Bd2 $15 {slows down Black from blasting open the center.} (11. Bg5 $2 Bxf2+ $19)) 9... Raxc8 10. e3 d5 11. Be2 Rfd8 {White got nothing from his knight-hopping adventure, and Black's development lead is enough to win.} 12. cxd5 exd5 13. Na4 d4 $3 $19 14. Nxc5 dxe3 15. Nd3 exf2+ 16. Kf1 Ne5 (16... Nd4 $19) 17. Bg5 h6 18. Bh4 Rd7 19. a4 Rcd8 20. Ra3 Nc4 21. Bxf2 {White avoids mate, but the endgame is hopeless.} Nxa3 22. Qb3 Ne4 23. Qxa3 Qxa3 24. bxa3 Rxd3 25. Bxd3 Rxd3 26. Be1 Rxa3 27. a5 Nd6 28. Ke2 Nc4 {0-1 Kleinman,M (2280)-Yang,D (2480) Washington op 2nd Rockville 2013 (3)}) 8... Be7 9. Bf4 {[#] threat: c7 then d6 wins an exchange and keeps a bind.} (9. Nd6 Ne8 10. Bf4 b6 11. e4 Nxd6 12. Bxd6 Bxd6 13. Qxd6 Qf6 14. Rc1 Ne5 15. Be2 $11 {0-1 Huebner,R-Ljubojevic,L IBM Amsterdam 1975 (15)}) 9... d5 $1 10. cxd5 exd5 {[#] Critical Position  Heroic c7, or cowardly e3?} 11. Nc7 $2 (11. e3 $1 $11 Be6 12. Be2 Rc8 13. O-O a6 14. Nd4 Nxb4 $11 15. Qb3 $1 Nc6 16. Nxe6 $1 fxe6 17. Qxb7 $1 Na5 18. Qb2 Nc4 19. Qb7 Na5 20. Qb2 Nc4 21. Bxc4 Rxc4 $11 {1/2 Martorelli,A (2272)-Castaldo,F (2227) ITA-ch 60th Saint Vincent 2000 (8)}) 11... d4 $1 ({SF18 says} 11... g5 {is even better!? I'll let you figure out why.}) 12. Nxa8 (12. N3b5 $2 Nh5 $19 (12... a6 $19)) 12... dxc3 13. Qxd8 Rxd8 $8 {[#] White is up a whole exchange, but is far behind in development -- playing without his h1 and a8 for the foreseeable future, and even if the  can be saved it will take at least a couple of moves before it can do anything -- and the c3-pawn creates both tactical and long-term threats. Clearly Black has compensation, but how much? Would you judge this to be "clearly winning"? Leela and SF18 rate it between -2 and -2.6.} 14. e3 (14. Rd1 Nd5 $19) 14... Bf5 15. Nc7 c2 $1 16. Bc4 {[#]Critical Position White is up a full exchange, but Black is ahead in development and has a potential game-winner on c2. White to move would mostly consolidate with f3 or 00... but it's Black to move, and he strikes with} Nxb4 $3 {Makes the most of his development so the s can support his passer.} (16... Nh5 $6 17. Nd5 $8 Nxf4 18. exf4 $1 $15) (16... a5 $1 {doesn't win a pawn, but also wins the game} 17. b5 Nb4 $8 $19 {and ...d3 on either 00 or e2.}) 17. axb4 Bxb4+ 18. Ke2 (18. Kf1 Rd1+ 19. Ke2 Rd2+ {would transpose, if Black can't find anything better.}) 18... Rd2+ $8 19. Kf3 Bg4+ 20. Kg3 Bd1 $1 {[#]} 21. f3 (21. Rxa7 {doesn't create back rank threats, since Black has ...f8.}) (21. Bb3 $19 {hoping for hxd1+-, is too slow, losing to} Ne4+) (21. e4 {hits the  and tries to use the f4 to stop promotion, but} Nxe4+ 22. Kh4 Be7+ $19 {is simple and even worse.}) 21... Nh5+ 22. Kh3 {[#] Critical Position ...xf4+, or ...c3-b2, or does it make any difference?} Nxf4+ $2 {It does make a difference, and this gives White very unexpected and strong counterplay.} (22... Bc3 $8 $19 23. Rc1 (23. Rxa7 Nxf4+ 24. exf4 g6 25. Re1 Rd8 $1 $19 {is the simplest win; there's no way to stop ...c1=.}) 23... Bb2 24. Rxc2 Bxc2 $19 {White has no open files for the , and so no active play at all.} 25. g4 Nxf4+ 26. exf4 Rd1 $1 $19 {forces off the s and keeps two distant passers and two long-range s.}) 23. exf4 Bc3 $1 {[#]} 24. Rxa7 $2 (24. Rc1 $8 Bb2 25. Rxc2 $8 Bxc2 26. Re1 $8 $13 {Analysis Diagram [#] Unlike the variation at move 22, without ...xf4 White gets the open e-file for immediate counterplay, and Black can only just cope.} Ba3 (26... Rd8 $4 27. Re2 $18) (26... g6 27. Re8+ $8 (27. Re7 $4 Rd7 $3 28. Bxf7+ Kf8 29. Rxd7 Bf5+ $19) 27... Kg7 28. Re7 $13 Rd7 $4 29. Ne6+ {shows the point of the check before occupying the 7th.} Kf6 30. Rxd7 $18 {and ...f5+ does not fork the .}) 27. Re8+ Bf8 28. Nd5 g6 $1 29. Rb8 $8 $11 {c8 isn't safe, and a8 won't hit f7 fast enough.  [#] The variations that follow illustrate some of White's attacking opportunities, should Black try to hold the queenside pawns.} b6 $4 (29... b5 $142 $5 $13) 30. Nf6+ Kg7 31. Rb7 $1 $18 {(threat xf7 mating)} Kh8 32. Rxf7 Bg7 33. Ne4 $8 $18 {White will win at least a pawn, and keep the more active ,  and , as well as connected passers; e.g.} Rd4 34. Rc7 $8 Bxe4 35. Rc8+ $8 Bf8 36. fxe4 $8 $18 Kg7 37. Rc7+ $1 Kh6 (37... Kh8 38. Bd5 $18) 38. Bg8 Bg7 39. g4 $18) 24... h6 $2 (24... g6 $19) (24... g5 $19) 25. Ra8+ $11 Kh7 26. Bxf7 {[#] Critical Position ...d7 or ...c1= or something else?} g5 $1 {This is a very tricky position, and this move creates some extra tricky tactics. It stops one of White's drawing mechanisms (with f5 and g6/g8+), but it also allows White's f-pawn to join the attack.} (26... Rd7 $4 {leads to a long, multibranching and winning  hunt, the mainline of which goes:} 27. Bg8+ $8 Kg6 28. f5+ $8 Kg5 (28... Kxf5 29. Be6+ Kg6 30. Bxd7 c1=Q 31. Rf8 $1 $18 {with material and safer .}) 29. Ne6+ $8 Kxf5 30. Rf8+ Ke5 31. Nc5 $8 c1=Q 32. Nxd7+ Kd6 33. Bb3 $3 $18 {what a move! The double attack wins the d1 and saves the d7.}) (26... c1=Q {Black's pieces are so inactive and badly coordinated that White has more than one way to create enough threats to draw.} 27. Ne6 $5 {This is a more complex line, with blunders at every turn...} (27. f5 {This is the simpler route to equality:} Rxg2 $8 {guards g6 or decoys the white  to its doom.} (27... h5 $2 28. Bg6+ Kh6 29. Ne6 $1 {and there's no defence to h8#.}) (27... g5 $2 {frees g7 and guards h8, but loses to the very weird} 28. fxg6+ $8 Kg7 29. Ne8+ Kf8 30. Re1 $1 Re2 31. Nf6+ Ke7 (31... Kg7 $2 32. Nh5#) 32. Nd5+ Kd7 33. Rxd1 $3 Qxd1 34. Nxc3 $18 {and the g-pawn promotes.}) 28. Bg8+ $1 Kh8 29. Bf7+ $11) 27... g5 28. Rg8 $8 {Analysis Diagram [#]  White obviously threatens f8#...} Bb4 $4 {stops f8 mating, but misses the second mating net:} (28... g4+ $8 $11 {The saving move in several variations below. The point is that White has two mating nets: one with f8, the other uses the f-pawn to get the  to g5.} 29. fxg4 Bb4 30. Rg7+ $11 {forces a perp.}) 29. fxg5 $18 {threat g6#.} Rxg2 $1 (29... hxg5 30. Nxg5+ Kh6 31. Rg6+ Kh5 32. g4#) 30. Rg7+ $8 Kh8 31. Rg6 $1 $18 {and the only ways to stop h6# are to give up the  and leave the other pieces hanging.}) 27. f5 $4 ({White has two ways to play this: tactics to trade to a  v  ending with extra pawns, or go for mate and (at worst) give a perpetual:} 27. Rf8 $1 {threatening g8+} Kg7 28. Ne6+ $8 Kf6 29. Bg6+ $1 Kxe6 30. Bxc2 Bxc2 31. fxg5 $13) (27. Re1 $1 $11 Re2 28. Rxe2 Bxe2 29. Rg8 c1=Q 30. Ne6 $8 {Analysis Diagram [#]} g4+ $8 $11 {Same as above: a sac to prevent fxg5.} (30... Bb4 $2 31. Rg7+ $8 Kh8 32. Rg6 $1 g4+ (32... Kh7 33. fxg5 $18 hxg5 34. Nxg5+ Qxg5 35. Rxg5 $18) 33. Kh4 $8 Kh7 34. Kh5 $18 {Black has to give the  to stop xh6#.}) 31. fxg4 Bb4 {White can play the  perp here, or keep walking the tightrope with} 32. g5 Bd3 {guards g6 and threatens ...g5+.} 33. g6+ Bxg6 34. Rg7+ (34. Rxg6 Qc3+ $11) 34... Kh8 35. Rg8+ $11) 27... h5 $2 {[#] This is why people don't play chess anymore...} (27... g4+ $8 $19 28. fxg4 c1=Q 29. Bg6+ Kg7 30. Ne8+ Kf8 $19) 28. Re1 $4 {... it's just too difficult.} (28. Ne6 $8 $11 g4+ (28... c1=Q 29. Rg8 $8 g4+ 30. Kh4 $8 Rd6 (30... Bf6+ $4 31. Kxh5 $18 {and f8#.}) 31. Ng5+ Kh6 32. Ba2 $8 $11 {Amazing! The  protects the  from the only safe square on the diagonal! Now White threatens a perp with f7-g5, and if Black stops that with ...f6 it takes away the escape route for the king and White has a perp with h8-g8=; and although ...f6? pins the , it gives up g6#.  BTW, if White didn't have the h1, then ...xg5 would escape the perpetuals and win on material; with the h1 in reserve, Black can't afford that "defence".}) 29. Kh4 $8 Kh6 (29... Bf6+ $4 30. Kxh5 $18) 30. Rg8 $8 Bf6+ 31. Ng5 Bxg5+ 32. Rxg5 gxf3 (32... c1=Q $4 33. f6 $8 $18 {closes the box and there's no defence to xh5#.}) 33. Rg6+ Kh7 34. f6 $11 Rd8 35. Rg7+ Kh8 36. Bg6 c1=Q $8 (36... Rd4+ $2 37. Kh3 $1 $18) 37. Rh7+ Kg8 38. Rg7+ $11 {with a perp.}) 28... Re2 $8 $19 29. Bb3 g4+ 30. Kh4 Bxe1+ 31. Kxh5 c1=Q 32. Bg8+ Kg7 33. Ne8+ Rxe8 34. Rxe8 Qh6+ 35. Kxg4 Qh4# 0-1

[Event "New Year op"]
[Site "Richmond CAN"]
[Date "2025.01.03"]
[Round "4.4"]
[White "Doknjas, Neil"]
[Black "Taylor, Ashton"]
[Result "1-0"]
[Annotator "John Upper"]
[WhiteElo "2382"]
[BlackElo "2090"]
[WhiteFideId "-1"]
[BlackFideId "-1"]
[PlyCount "39"]
[Beauty "8246743804943"]
[GameId "2140093881563666"]
[EventDate "2025.01.02"]
[EventType "swiss"]
[EventRounds "9"]
[EventCountry "CAN"]
[SourceTitle "Chess Canada 25"]
[Source "JohnUpper?CFC"]
[SourceDate "2025.06.29"]
[SourceVersion "1"]
[SourceVersionDate "2026.07.01"]
[SourceQuality "1"]

1. Nf3 c5 2. g3 Nc6 3. Bg2 e5 4. c4 g6 5. Nc3 Bg7 6. d3 Nge7 {[#] A very common structure that also appears with colours reversed, when it's called the Botvinnik system. Black has a clamp on the center dark squares, and typically aims for ...d5, creating a comfortable Maroczy-like structure. White typically aims for queenside expansion (with b4) and/or central piece play on the light squares by moving the f3 to e3, or trading the DSB for a  to control d5. This game shows what happens if Black rushes to play ...d5 in one move.} 7. Bd2 (7. O-O O-O 8. Ne1 Rb8 9. Nc2 a6 10. Rb1 d6 11. b4 Be6 12. bxc5 dxc5 13. Ne3 b6 14. Ned5 $14 {Analysis Diagram [#] This game is a nice illustration of the relative importance of opening prep vs middlegame skill, and a fine example of what made Karpov such an odd World Champion: he's a little worse out of the opening, he plays completely normal-looking moves, his opponent doesn't make any obvious mistakes, but 10 moves later Karpov is clearly winning.} Bd7 $5 {So ...xd5 won't get forked.} 15. Bd2 Nxd5 16. Nxd5 Ne7 17. Qc1 $6 (17. Bg5 $142 f6 18. Bd2 Be6 19. Nc3 $14) 17... Nxd5 18. Bxd5 Bh3 $1 $11 19. Re1 b5 $1 20. a3 Qd6 21. Bf3 Be6 22. cxb5 axb5 23. Be3 $6 Rfc8 $19 {Analysis Diagram [#]  Black creates a passed pawn, supported by his s and s.} 24. Qd2 b4 25. axb4 cxb4 26. Ba7 Rb5 {The only safe square, freed just in time by the pawn push.} 27. Rec1 Rxc1+ 28. Qxc1 b3 29. Qc6 Qxc6 30. Bxc6 Ra5 31. Be3 Ra2 32. Bb5 b2 33. Kg2 e4 34. d4 Bb3 {0-1 Barcza,G-Karpov,A Caracas 1970 (2)}) 7... d5 $2 {Right idea, wrong execution. Unless White plays something very silly, Black will need to support d5 (and usually c5 too) before this push is safe.} (7... d6 8. a3 h6 (8... b6 9. b4 Bb7 10. b5 Nd4 11. e4 Qd7 12. O-O O-O 13. a4 $14 a5 $5 {1/2 Jobava,B (2668)-Duda,J (2658) EU-chT (Men) 20th Reykjavik 2015 (3.1)}) 9. O-O Be6 10. Ne1 a5 11. Nc2 {[#] Typical Botvinnik System Both sides have carried out their typical regroupings. White is ready to go b2-b4 or e3-d5, and Black is in time to play...} d5 $1 12. cxd5 Nxd5 13. Nxd5 (13. Ne3 $1) 13... Bxd5 $11 14. Bxd5 Qxd5 15. Bc3 (15. Ne3 Qe6 16. Rc1 b6 17. b4 $13) 15... b5 16. Ne3 Qe6 17. b3 h5 $5 $15 18. h4 (18. f4 $142 $5 h4 19. f5 $132) 18... f5 19. a4 b4 20. Bb2 f4 $1 21. Nc4 {Analysis Diagram [#] Black has a crushing attack, but misplays it. Two years before this game Wei Yi created one of the greatest king-hunt games of all time (Wei -Bruzon, Danzhou, 2015), so he was/is capable of terrific attacking chess. You might think his task here is considerably easier, if only because there is more than one way to win this. Instead, he misplays it.} g5 $2 (21... Qh3 $1 $17 {the most direct, though the necessary follow-up isn't at all easy to see} 22. Nd6+ Kd7 $8 (22... Ke7 $2 {exposes the  to c2xc5+.}) 23. Ne4 Bh6 24. Qc2 (24. Nxc5+ Ke7 $19) 24... fxg3 25. Nxg3 Be3 $8 $19) (21... O-O $1 {is slower and simpler; after} 22. Kh2 Rad8 $19 {Black will smash through with ...d4 and ...e4.}) 22. e3 $1 fxg3 (22... Qh3 $13) 23. fxg3 gxh4 24. Qf3 $1 $13 {1/2 Xu,X (2534)-Wei,Y (2732) Asian Continental op 16th Chengdu 2017 (4)}) 8. cxd5 {[#]} Nxd5 (8... Nb4 {doesn't get the pawn back:} 9. Qa4+ Qd7 (9... Bd7 10. Qb3 $16) 10. Qxd7+ Bxd7 11. Rc1 {stops c2+ and x-rays c5.} Rc8 12. Ne4 $18 {forks c5 and d6.}) 9. Nxe5 $1 Nxc3 10. Bxc6+ $8 bxc6 11. Bxc3 {[#]} Bxe5 (11... Qd5 12. e4 $16) (11... Bh3 $5 {gives White choices, many of them good:} 12. Qd2 $1 (12. Qa4 $16) (12. f4 $5 $16) (12. Nxc6 $4 {not this one} Bxc3+ 13. bxc3 Qd5 $19) 12... Bxe5 13. Qe3 $8 $18) 12. Bxe5 Qd5 13. Bxh8 Qxh1+ 14. Kd2 {[#] Non Critical Position Take on d1 or h2?} Qxh2 {After the game move material is equal, but Black's exposed , bad pawns, and poorly placed  make it a turkey shoot.} (14... Qxd1+ {is the computer's choice. White is losing either way, so the only question is whether Black wants to test White's attacking calculation, or endgame technique.  It seems to me the endgame decisions are trickier, if only because the game line comes with a big fat bullseye on the black , which makes White's choices much clearer.} 15. Rxd1 Be6 {this poses White an immediate challenge: how to keep control in an opposite  ending that you know you "should" be winning. The  threatens a2, but also to play ...c4, when dxc4 would let Black escape to a drawn opposite  ending with ...d8+. So...} 16. Bf6 $3 {Puts the  on a safe square and prevents the ...d8+ idea mentioned above.} (16. a3 O-O-O $16) (16. Rc1 c4 $5) (16. b3 $6 a5 17. Rc1 a4 18. Rxc5 axb3 19. axb3 Ra2+ {here SF18 says White has only one clearly winning move:} 20. Ke1 $1 $18 {avoiding ...xb3-d1 Xe2}) 16... Bxa2 (16... c4 $6 17. dxc4 Bxc4 18. Kc3 $18 {taking either a or e-pawn loses the  to pins.}) 17. Rc1 Kd7 18. Rxc5 a5 19. Bc3 a4 20. Bb4 $1 $18 {Stops ...a3 and puts the  on a good diagaonal. This is winning, but White might struggle to prove it.}) 15. Qa4 $1 $18 Kd7 (15... Bd7 16. Qe4+ {with h1 being among the winning continuations.} Kd8 17. Bf6+ Kc7 18. Rh1 Qxf2) 16. Qf4 $1 Qh3 17. Qxf7+ Kd6 18. f4 Be6 19. Be5+ Kd5 20. e4# 1-0